Islami Dunia; (Record no. 587742)
[ view plain ]
| 000 -LEADER | |
|---|---|
| fixed length control field | 00331nam a22001337a 4500 |
| 020 ## - INTERNATIONAL STANDARD BOOK NUMBER | |
| International Standard Book Number | 9789695038703 |
| 040 ## - CATALOGING SOURCE | |
| Transcribing agency | NUST |
| 082 ## - DEWEY DECIMAL CLASSIFICATION NUMBER | |
| Classification number | 953 QAS |
| 100 ## - MAIN ENTRY--PERSONAL NAME | |
| Personal name | Qasim Mehmood, Syed |
| 9 (RLIN) | 88706 |
| 245 ## - TITLE STATEMENT | |
| Title | Islami Dunia; |
| Remainder of title | 2015 |
| 260 ## - PUBLICATION, DISTRIBUTION, ETC. | |
| Place of publication, distribution, etc. | LAHORE: |
| Name of publisher, distributor, etc. | Al Faisal Nashran, |
| Date of publication, distribution, etc. | 2015. |
| 650 ## - SUBJECT ADDED ENTRY--TOPICAL TERM | |
| Topical term or geographic name entry element | Malomat-Islami Dunia |
| 9 (RLIN) | 89510 |
| 942 ## - ADDED ENTRY ELEMENTS (KOHA) | |
| Source of classification or shelving scheme | |
| Koha item type | Book |
| Withdrawn status | Lost status | Source of classification or shelving scheme | Damaged status | Not for loan | Permanent Location | Current Location | Shelving location | Date acquired | Full call number | Barcode | Date last seen | Price effective from | Koha item type |
|---|---|---|---|---|---|---|---|---|---|---|---|---|---|
| College of Electrical & Mechanical Engineering (CEME) | College of Electrical & Mechanical Engineering (CEME) | General Stacks | 02/02/2022 | 953 QAS (KIDS SEC) | CEME-50594 | 02/02/2022 | 02/02/2022 | Book |
